[Event "XIII Abierto de la Constitucion"]
[Site "San Sebastian De Los Reyes"]
[Date "2011.12.03"]
[Round "2.4"]
[White "Adan Bermudez, Sergio"]
[Black "Alvarez Gonzalez, Eduardo"]
[Result "1-0"]
[WhiteElo "2292"]
[BlackElo "1814"]
[PlyCount "67"]
[EventDate "2011.12.02"]

1. c4 e5 2. g3 Nf6 3. Bg2 Nc6 4. Nc3 Bc5 5. a3 O-O 6. b4 Bd4 7. Bb2 d6 8. e3
Bxc3 9. Bxc3 a6 10. Ne2 Rb8 11. a4 Ne7 12. f4 Ng6 13. O-O Bg4 14. h3 Bxe2 15.
Qxe2 exf4 16. exf4 Re8 17. Qd3 c6 18. Rae1 Qb6+ 19. Kh2 Rxe1 20. Rxe1 Re8 21.
Re3 Rxe3 22. dxe3 Qd8 23. b5 axb5 24. cxb5 Qc7 25. bxc6 bxc6 26. Qa6 d5 27.
Qa8+ Nf8 28. Be5 Qb6 29. Bd6 N6d7 30. a5 Qxe3 31. a6 f6 32. a7 Kf7 33. Qb7 Qb6
34. a8=Q 1-0

[Event "XIII Abierto de la Constitucion"]
[Site "San Sebastian De Los Reyes"]
[Date "2011.12.03"]
[Round "2.5"]
[White "Nuñez Miranda, Adrian"]
[Black "Quevedo Marin, Manuel"]
[Result "1-0"]
[WhiteElo "1866"]
[BlackElo "2184"]
[PlyCount "107"]
[EventDate "2011.12.02"]

1. e4 c5 2. Nf3 e6 3. d4 cxd4 4. Bg5 Qc7 5. Qxd4 Nc6 6. Qd2 Bb4 7. Nc3 Nf6 8.
Bd3 a6 9. a3 Be7 10. Bf4 d6 11. O-O O-O 12. Rfe1 Ne5 13. Nxe5 dxe5 14. Be3 b5
15. Na2 Bb7 16. f3 Rfd8 17. Qc3 Qxc3 18. Nxc3 Nd7 19. b4 Rac8 20. Ne2 Rc6 21.
Nc1 Rf8 22. Nb3 Rc7 23. Na5 Ba8 24. c4 f5 25. exf5 bxc4 26. Bxc4 Bd5 27. Bxa6
Nb8 28. Bb5 exf5 29. Rac1 Rfc8 30. Rxc7 Rxc7 31. Rc1 Bd6 32. Rxc7 Bxc7 33. Bc4
Bf7 34. Bxf7+ Kxf7 35. Nc4 Ke6 36. Bb6 Na6 37. Kf2 Bb8 38. Ke3 Kd5 39. Na5 Bd6
40. Nb7 Bxb4 41. axb4 Kc6 42. Nc5 Kxb6 43. Nxa6 Kxa6 44. Kd3 Kb5 45. Kc3 h5 46.
h4 g6 47. g3 Kb6 48. Kc4 Kc6 49. b5+ Kd6 50. b6 g5 51. hxg5 f4 52. b7 Kc7 53.
b8=Q+ Kxb8 54. g6 1-0

[Event "XIII Abierto de la Constitucion"]
[Site "San Sebastian De Los Reyes"]
[Date "2011.12.03"]
[Round "2.6"]
[White "Semprun Martinez, Fernando"]
[Black "Tevar Sanz, Gonzalo"]
[Result "1-0"]
[WhiteElo "2175"]
[BlackElo "1807"]
[PlyCount "49"]
[EventDate "2011.12.02"]

1. e4 e6 2. d4 d5 3. Nc3 Nf6 4. e5 Nfd7 5. f4 c5 6. Nf3 Nc6 7. Be3 a6 8. Qd2 b5
9. a3 cxd4 10. Nxd4 Bc5 11. Nxc6 Qc7 12. Bxc5 Nxc5 13. Nd4 O-O 14. Be2 f6 15.
exf6 Rxf6 16. O-O Bb7 17. Bg4 Raf8 18. b4 Ne4 19. Nxe4 dxe4 20. Bxe6+ Kh8 21.
f5 Rh6 22. g3 Rh3 23. f6 gxf6 24. Bxh3 Qe5 25. Nf5 1-0

[Event "XIII Abierto de la Constitucion"]
[Site "San Sebastian De Los Reyes"]
[Date "2011.12.03"]
[Round "2.7"]
[White "Balsinde Montemayor, Pablo"]
[Black "Barez Menendez, Hector"]
[Result "0-1"]
[WhiteElo "1790"]
[BlackElo "2161"]
[PlyCount "44"]
[EventDate "2011.12.02"]

1. d4 d5 2. c4 Nc6 3. Nf3 Bg4 4. cxd5 Bxf3 5. dxc6 Bxc6 6. Nc3 Nf6 7. Bg5 e6 8.
e4 Be7 9. e5 Nd5 10. Bxe7 Qxe7 11. Nxd5 Bxd5 12. Qa4+ c6 13. f3 Qh4+ 14. g3 Qh5
15. g4 Qh4+ 16. Ke2 h5 17. Rg1 Qxh2+ 18. Rg2 Qf4 19. Qb4 Bxf3+ 20. Ke1 Qe3+ 21.
Re2 Bxe2 22. Qxb7 Bf3+ 0-1

[Event "XIII Abierto de la Constitucion"]
[Site "San Sebastian De Los Reyes"]
[Date "2011.12.03"]
[Round "2.8"]
[White "Aziz Ortego, Omar Luis"]
[Black "Nieto Esteban, Manuel"]
[Result "0-1"]
[WhiteElo "2139"]
[BlackElo "1760"]
[PlyCount "94"]
[EventDate "2011.12.02"]

1. e4 e5 2. Nc3 Nc6 3. f4 Bc5 4. Nf3 d6 5. Bb5 Nge7 6. fxe5 dxe5 7. Nxe5 Qd4 8.
Nd3 O-O 9. Ne2 Qxe4 10. Nxc5 Qxg2 11. Rg1 Qxh2 12. d4 Qh4+ 13. Rg3 Nf5 14. Bg5
Qh2 15. Qd3 Nxg3 16. Qxg3 Qxg3+ 17. Nxg3 Nxd4 18. Be2 Nxc2+ 19. Kd2 Nxa1 20.
Bc4 b6 21. Nd3 Be6 22. Bxe6 fxe6 23. Ne4 Rf5 24. b3 h6 25. Be7 c5 26. Kc3 Re8
27. Bh4 g5 28. Be1 Rd8 29. Ndf2 h5 30. Kb2 Nxb3 31. axb3 g4 32. Kc2 Kg7 33. Nd3
Kg6 34. Bc3 Rdd5 35. Bd2 e5 36. Nc3 Rd8 37. Be3 h4 38. Ne4 g3 39. Ne1 Kh5 40.
Nd2 h3 41. Ne4 Kg4 42. b4 cxb4 43. Nd3 h2 44. Bf2 h1=Q 45. Nxg3 Rxf2+ 46. Nxf2+
Kxg3 47. Nxh1+ Kg2 0-1

[Event "XIII Abierto de la Constitucion"]
[Site "San Sebastian De Los Reyes"]
[Date "2011.12.03"]
[Round "2.9"]
[White "Prieto Velasco, Rafael"]
[Black "Bustos Serrano, Doroteo"]
[Result "0-1"]
[WhiteElo "1781"]
[BlackElo "2120"]
[PlyCount "75"]
[EventDate "2011.12.02"]

1. d4 g6 2. c4 Bg7 3. Nc3 d6 4. e4 Nc6 5. Be3 e5 6. d5 Nce7 7. g3 f5 8. Bh3 Nf6
9. Qc2 O-O 10. c5 fxe4 11. Bxc8 Qxc8 12. O-O-O Kh8 13. h3 Nf5 14. Nxe4 Nxe3 15.
fxe3 Bh6 16. Qd3 Qf5 17. Nxf6 Rxf6 18. Kd2 Qf2+ 19. Ne2 Rf3 20. Rdf1 Qxe3+ 21.
Qxe3 Bxe3+ 22. Kc2 Rxf1 23. Rxf1 Bxc5 24. Rf7 Bb6 25. a4 Kg8 26. Rd7 Rf8 27. b4
a5 28. bxa5 Bxa5 29. g4 Rf2 30. g5 Rxe2+ 31. Kd3 Rf2 32. Ke3 Rf7 33. Rd8+ Kg7
34. Ke2 Re7 35. Rc8 e4 36. Ra8 b6 37. Rc8 Bc3 38. h4 0-1

[Event "XIII Abierto de la Constitucion"]
[Site "San Sebastian De Los Reyes"]
[Date "2011.12.03"]
[Round "2.10"]
[White "Perez De Aranda A., Leonardo I"]
[Black "Laguna Coca, Francisco Jesus"]
[Result "1/2-1/2"]
[WhiteElo "2117"]
[BlackElo "1744"]
[PlyCount "74"]
[EventDate "2011.12.02"]

1. e4 Nc6 2. Bc4 Nf6 3. Nc3 e5 4. Nf3 Bb4 5. O-O O-O 6. Nd5 Nxd5 7. Bxd5 d6 8.
c3 Bc5 9. d4 exd4 10. cxd4 Bb6 11. Bg5 Qe8 12. h3 Be6 13. Re1 Qd7 14. Bxc6 bxc6
15. Rc1 f6 16. Be3 Qf7 17. b3 Bd7 18. Nd2 Ba5 19. Re2 Rfe8 20. Nc4 Bb6 21. a4
a5 22. d5 Bxe3 23. Nxe3 Rxe4 24. dxc6 Be6 25. Qd3 Rb4 26. Nc4 Bxc4 27. Rxc4
Rxc4 28. bxc4 Rb8 29. Re4 Kf8 30. Qc3 Rb4 31. Qd3 Rxa4 32. Re1 g6 33. c5 d5 34.
Qb5 Re4 35. Rxe4 dxe4 36. Qxa5 Qe7 37. Qb4 Kg7 1/2-1/2

[Event "XIII Abierto de la Constitucion"]
[Site "San Sebastian De Los Reyes"]
[Date "2011.12.03"]
[Round "2.11"]
[White "Lopez De Turiso Sanchez, Jose Angel"]
[Black "Martinez Cepedano, Roberto"]
[Result "1-0"]
[WhiteElo "2065"]
[BlackElo "1683"]
[PlyCount "79"]
[EventDate "2011.12.02"]

1. d3 d5 2. f4 b6 3. Nf3 Bb7 4. g3 Nf6 5. Bg2 c5 6. O-O e6 7. e4 dxe4 8. Ng5
Qd4+ 9. Kh1 Bc6 10. dxe4 Qxd1 11. Rxd1 h6 12. e5 hxg5 13. exf6 gxf4 14. Bxf4
gxf6 15. Nc3 Bxg2+ 16. Kxg2 a6 17. Na4 Nc6 18. Nxb6 Ra7 19. Rd2 Be7 20. Nc8 Rd7
21. Rxd7 Kxd7 22. Nb6+ Ke8 23. Rd1 Ne5 24. Bxe5 fxe5 25. Rd3 e4 26. Ra3 Rh5 27.
Nc4 Rd5 28. Rxa6 Rd4 29. b3 Kf8 30. h4 Rd1 31. a4 Rc1 32. Ne3 c4 33. Nxc4 Rxc2+
34. Kf1 Rc3 35. Rc6 Rxb3 36. a5 Rb7 37. a6 Ra7 38. Ke2 Ke8 39. Ke3 f5 40. Ne5
1-0

[Event "XIII Abierto de la Constitucion"]
[Site "San Sebastian De Los Reyes"]
[Date "2011.12.03"]
[Round "2.12"]
[White "Gonzalez Berrendero, Carlos"]
[Black "Ramos Del Campo, Alexander"]
[Result "1/2-1/2"]
[WhiteElo "1761"]
[BlackElo "2038"]
[PlyCount "80"]
[EventDate "2011.12.02"]

1. e4 d5 2. exd5 Qxd5 3. Nc3 Qa5 4. Bc4 Nf6 5. d3 Bf5 6. Bd2 c6 7. Qe2 e6 8.
Nf3 Qd8 9. h3 Be7 10. g4 Bg6 11. Ne5 Nbd7 12. Nxg6 hxg6 13. g5 Nd5 14. Ne4 Qb6
15. Bb3 Nc5 16. Bxd5 cxd5 17. Nxc5 Bxc5 18. O-O-O Rc8 19. Kb1 Bd4 20. c3 Bc5
21. Be3 d4 22. cxd4 Bxd4 23. Bxd4 Qxd4 24. Qe4 Qd7 25. d4 O-O 26. h4 Qb5 27. f4
Qf5 28. Qxf5 exf5 29. Rhe1 Rfe8 30. Rxe8+ Rxe8 31. d5 f6 32. Kc2 Kf7 33. Kc3
fxg5 34. hxg5 Rc8+ 35. Kd3 b6 36. Rd2 Rc7 37. Kd4 Rc1 38. Re2 Rd1+ 39. Kc4 Rc1+
40. Kd4 Rd1+ 1/2-1/2

[Event "XIII Abierto de la Constitucion"]
[Site "San Sebastian De Los Reyes"]
[Date "2011.12.03"]
[Round "2.13"]
[White "Esquivias Gomez, Fco. Javier"]
[Black "Palenciano Escolar, Adrian"]
[Result "1-0"]
[WhiteElo "2034"]
[BlackElo "1623"]
[PlyCount "69"]
[EventDate "2011.12.02"]

1. e4 c5 2. Nc3 Nc6 3. f4 d6 4. Bb5 Bd7 5. Nf3 g6 6. O-O Bg7 7. Bxc6 Bxc6 8. d3
e6 9. Qe1 Nf6 10. e5 dxe5 11. fxe5 Bxf3 12. exf6 Bxf6 13. Rxf3 O-O 14. Qf2 Bd4
15. Be3 Bxe3 16. Qxe3 Qd4 17. Re1 Rfe8 18. Ne4 Qxe3+ 19. Rexe3 Rec8 20. Nd6 Rc7
21. a4 a6 22. a5 Rd8 23. Nc4 Kg7 24. b3 Re8 25. g4 f6 26. h4 Rc6 27. g5 f5 28.
Rf4 Rd8 29. Ne5 Rcd6 30. Rc4 Rd5 31. b4 Rc8 32. Nf3 Kf7 33. Re5 Rxe5 34. Nxe5+
Ke7 35. bxc5 1-0

[Event "XIII Abierto de la Constitucion"]
[Site "San Sebastian De Los Reyes"]
[Date "2011.12.03"]
[Round "2.14"]
[White "Cavalle Pulla, Daniel"]
[Black "Salgado Duarte, Pablo"]
[Result "1-0"]
[WhiteElo "1997"]
[BlackElo "1500"]
[PlyCount "99"]
[EventDate "2011.12.02"]

1. e4 d6 2. d4 g6 3. Be3 Bg7 4. Qd2 Nf6 5. Nc3 O-O 6. Bh6 Nc6 7. Bxg7 Kxg7 8.
Be2 Re8 9. O-O-O e5 10. d5 Nd4 11. Bd3 c6 12. Nge2 Nxe2+ 13. Qxe2 cxd5 14. Nxd5
Nxd5 15. exd5 Qa5 16. Kb1 Bd7 17. h4 Qb4 18. h5 Bg4 19. f3 Bd7 20. Qe3 Qf4 21.
Qxf4 exf4 22. hxg6 fxg6 23. Rh4 Rf8 24. b3 Rae8 25. Be4 h5 26. Kb2 Kh6 27. Rd4
g5 28. Rh1 Bf5 29. Kc3 Bxe4 30. Rxe4 Rxe4 31. fxe4 g4 32. Kd4 Kg5 33. c4 b6 34.
b4 Rc8 35. Rc1 f3 36. gxf3 gxf3 37. Ke3 Rf8 38. Rg1+ Kh4 39. Kf2 Rc8 40. Kxf3
Rxc4 41. Kf4 Kh3 42. Rh1+ Kg2 43. Rxh5 Rxb4 44. Rh6 Ra4 45. Rxd6 Rxa2 46. Rg6+
Kf2 47. e5 b5 48. e6 b4 49. e7 Re2 50. Re6 1-0

[Event "XIII Abierto de la Constitucion"]
[Site "San Sebastian De Los Reyes"]
[Date "2011.12.03"]
[Round "2.15"]
[White "Juberias Guillen, Paloma"]
[Black "Muñoz Sanchez, Daniel"]
[Result "1-0"]
[WhiteElo "1759"]
[BlackElo "1995"]
[PlyCount "85"]
[EventDate "2011.12.02"]

1. d4 Nf6 2. c4 e6 3. Nc3 Bb4 4. Qc2 Nc6 5. Nf3 d6 6. a3 Bxc3+ 7. bxc3 h6 8. e4
e5 9. h3 b6 10. Bd3 O-O 11. O-O Re8 12. Bb2 Ba6 13. Nd2 Na5 14. f4 Nh5 15. fxe5
dxe5 16. Rf3 Nf4 17. Bf1 Qd6 18. Kh2 Ne6 19. c5 bxc5 20. dxe5 Qxe5+ 21. Rg3 Bb7
22. Qa4 c4 23. Bxc4 Bc6 24. Qc2 Nf4 25. Bxf7+ Kxf7 26. c4 Qd6 27. Rxg7+ Ke6 28.
Rf1 Rg8 29. c5 Qf8 30. Rxg8 Qxg8 31. Rxf4 Rf8 32. Rg4 Qf7 33. Qc3 Qf6 34. e5
Qf5 35. Qxa5 h5 36. Rg7 Qf4+ 37. Kh1 Qf5 38. Qc3 Rd8 39. Rxc7 Bxg2+ 40. Kxg2
Qg5+ 41. Kh1 Rxd2 42. Qc4+ Kf5 43. Rf7+ 1-0

[Event "XIII Abierto de la Constitucion"]
[Site "San Sebastian De Los Reyes"]
[Date "2011.12.03"]
[Round "2.17"]
[White "Martinez Miura, Enrique"]
[Black "Montiel Miguelez, Manuel"]
[Result "0-1"]
[WhiteElo "1713"]
[BlackElo "1934"]
[PlyCount "116"]
[EventDate "2011.12.02"]

1. e4 c5 2. c4 Nc6 3. Nc3 Nf6 4. g3 g6 5. Bg2 Bg7 6. Nge2 O-O 7. O-O d6 8. d3
Bg4 9. f3 Bd7 10. Be3 Qc8 11. Qd2 Bh3 12. Bh6 Bxg2 13. Kxg2 e6 14. Bxg7 Kxg7
15. d4 cxd4 16. Nxd4 Ne5 17. b3 Rd8 18. Rad1 d5 19. Qf4 Nc6 20. Nxc6 Qxc6 21.
exd5 exd5 22. Nxd5 Nxd5 23. Rxd5 Rxd5 24. cxd5 Qxd5 25. Rf2 Rc8 26. Qd2 Qe5 27.
Qb2 Qxb2 28. Rxb2 Rc1 29. Kf2 Rh1 30. Kg2 Rc1 31. f4 b5 32. Kf2 b4 33. Ke3 Kf6
34. Rg2 h5 35. Ke4 Ke6 36. Re2 Kd6 37. Rd2+ Ke6 38. Re2 f6 39. Kf3+ Kd5 40.
Rd2+ Kc5 41. Ke4 Re1+ 42. Kf3 Re6 43. g4 hxg4+ 44. Kxg4 Re4 45. Kf3 Rd4 46.
Rc2+ Kd6 47. Ke3 Rd1 48. Ke2 Rd5 49. Kf3 Ke6 50. h4 Kf5 51. Rc4 a5 52. Ke3 Kg4
53. f5+ Kxf5 54. Rf4+ Ke6 55. Rg4 g5 56. hxg5 Rxg5 57. Rc4 Rg2 58. Rc6+ Kf7 0-1

[Event "XIII Abierto de la Constitucion"]
[Site "San Sebastian De Los Reyes"]
[Date "2011.12.03"]
[Round "2.19"]
[White "Farmer Negrini, Leo"]
[Black "Cubillo Muñoz, Miguel"]
[Result "0-1"]
[WhiteElo "1790"]
[BlackElo "2006"]
[PlyCount "72"]
[EventDate "2011.12.02"]

1. e4 c5 2. Nf3 Nc6 3. c3 Nf6 4. d3 g6 5. Be2 Bg7 6. O-O O-O 7. h3 Rb8 8. Be3
d6 9. Na3 b5 10. Nc2 b4 11. Qd2 Ba6 12. Nh2 bxc3 13. bxc3 Rb2 14. Rfc1 c4 15.
f4 Qa5 16. a3 Rc8 17. Ng4 Nxg4 18. hxg4 Bxc3 19. Qd1 Rxc2 20. Rxc2 Bxa1 21.
Qxa1 cxd3 22. Rxc6 Rxc6 23. Bf3 Qc3 24. Qb1 d2 25. Qb8+ Bc8 26. Qxa7 d1=Q+ 27.
Bxd1 Qe1+ 28. Kh2 Rc3 29. Bf2 Qxd1 30. Qxe7 Qd2 31. Qd8+ Kg7 32. Qh4 Qxf4+ 33.
Kh1 g5 34. Bd4+ f6 35. Qh3 Rc1+ 36. Bg1 Qf2 0-1

[Event "XIII Abierto de la Constitucion"]
[Site "San Sebastian De Los Reyes"]
[Date "2011.12.03"]
[Round "2.20"]
[White "Hernandez Ramos, David"]
[Black "Vidaurre, Luis Alberto"]
[Result "1/2-1/2"]
[WhiteElo "1574"]
[BlackElo "1871"]
[PlyCount "61"]
[EventDate "2011.12.02"]

1. e4 c5 2. Nf3 Nc6 3. Nc3 d6 4. d4 cxd4 5. Nxd4 Nf6 6. Bg5 e5 7. Nb3 a6 8. Bd3
Be7 9. Qd2 Be6 10. O-O O-O 11. Rad1 b5 12. a3 Qc7 13. Kh1 Rfd8 14. f3 Rac8 15.
Qf2 b4 16. axb4 Nxb4 17. Nc1 h6 18. Bxf6 Bxf6 19. Rd2 Rb8 20. Rfd1 Bg5 21. Re2
Rb7 22. h4 Bxc1 23. Rxc1 Rdb8 24. Rd2 Nxd3 25. cxd3 Qa5 26. Rb1 Rb3 27. Rc2 Qb6
28. Qxb6 R8xb6 29. g4 h5 30. g5 g6 31. Kg2 1/2-1/2

[Event "XIII Abierto de la Constitucion"]
[Site "San Sebastian De Los Reyes"]
[Date "2011.12.03"]
[Round "2.21"]
[White "Lianes Garcia, Marcos"]
[Black "Garcia-Ruiz Fuentes, Marcos"]
[Result "0-1"]
[WhiteElo "1471"]
[BlackElo "1841"]
[PlyCount "106"]
[EventDate "2011.12.02"]

1. e4 c5 2. c3 Nf6 3. e5 Nd5 4. d4 e6 5. Nf3 d6 6. Bb5+ Bd7 7. Bxd7+ Nxd7 8.
O-O Qc7 9. Qe2 dxe5 10. dxe5 Rd8 11. Be3 a6 12. c4 Ne7 13. Bd2 Ng6 14. Re1 Be7
15. Nc3 Ndxe5 16. Nxe5 Qxe5 17. Rad1 Qxe2 18. Rxe2 O-O 19. Rde1 Bf6 20. b3 Rxd2
21. Ne4 Rxe2 22. Rxe2 Bd4 23. g3 h6 24. Kg2 Rd8 25. h4 f5 26. Nd2 e5 27. h5 Ne7
28. Nf3 e4 29. Ng1 g5 30. hxg6 Nxg6 31. Nh3 Re8 32. Kf1 Kf7 33. Kg2 b5 34. Rc2
Kf6 35. Ng1 Ne5 36. cxb5 axb5 37. Ne2 Nd3 38. Kf1 Bxf2 39. Rd2 Bd4 40. Kg2 b4
41. Kf1 Re6 42. Rc2 Ra6 43. Rd2 Ke5 44. Rc2 h5 45. Rd2 Rf6 46. Rc2 f4 47. gxf4+
Nxf4 48. Nxd4 cxd4 49. Rh2 Nd3+ 50. Ke2 Rf2+ 51. Rxf2 Nxf2 52. Kxf2 e3+ 53. Ke2
h4 0-1

[Event "XIII Abierto de la Constitucion"]
[Site "San Sebastian De Los Reyes"]
[Date "2011.12.03"]
[Round "2.25"]
[White "Camarero Izquierdo, Juan Carlos"]
[Black "Infante Martin, Alonso"]
[Result "1-0"]
[WhiteElo "1915"]
[BlackElo "1535"]
[PlyCount "65"]
[EventDate "2011.12.02"]

1. d4 Nf6 2. Nc3 e6 3. e4 d6 4. Be3 Be7 5. f3 a6 6. Qd2 Nbd7 7. O-O-O b5 8. Bd3
Bb7 9. g4 h6 10. h4 Nh7 11. g5 h5 12. f4 g6 13. Nf3 c5 14. dxc5 dxc5 15. Qf2
Qc7 16. e5 O-O 17. Be4 b4 18. Bxb7 Qxb7 19. Ne2 Rac8 20. Ng3 Nb6 21. Nd2 Rfd8
22. Nge4 Nd7 23. Qf3 Qb5 24. b3 Nb6 25. Nf6+ Kg7 26. Nxh5+ Kh8 27. Nf6 Nd5 28.
h5 Qa5 29. Nxd5 Qxa2 30. Nxe7 Qa1+ 31. Nb1 Rxd1+ 32. Rxd1 Rf8 33. hxg6 1-0

[Event "XIII Abierto de la Constitucion"]
[Site "San Sebastian De Los Reyes"]
[Date "2011.12.03"]
[Round "2.26"]
[White "Tevar Becerra, Alvaro"]
[Black "De Luna Butz, Alberto"]
[Result "1/2-1/2"]
[WhiteElo "1525"]
[BlackElo "1811"]
[PlyCount "110"]
[EventDate "2011.12.02"]

1. e4 e6 2. d4 d5 3. e5 c5 4. c3 Qb6 5. Nf3 Bd7 6. Qb3 Qxb3 7. axb3 Nc6 8. Bb5
Nxe5 9. Nxe5 Bxb5 10. Ra5 Ba6 11. dxc5 f6 12. Nf3 Ne7 13. b4 Nc6 14. Ra2 O-O-O
15. Nd4 Nxd4 16. cxd4 e5 17. Be3 Kb8 18. Kd2 Bc4 19. Ra3 b6 20. b3 bxc5 21.
bxc5 Bb5 22. b4 Be7 23. Ra5 a6 24. Nc3 Bc4 {(=)} 25. Nb1 Kb7 26. Na3 exd4 27.
Bxd4 Rd7 28. Re1 Rhd8 29. Re6 Bf8 30. c6+ Kc7 31. cxd7 Bxb4+ 32. Kc2 Bxa5 33.
Nxc4 dxc4 34. Rxa6 Rxd7 35. Rxa5 Rxd4 36. Kc3 Rg4 37. g3 Kb6 38. Rd5 Kc6 39.
Rf5 Re4 40. f4 Kd6 41. Ra5 g6 42. Ra6+ Ke7 43. Ra7+ Ke6 44. Rxh7 Kf5 45. Rc7
Re2 46. Rh7 Re4 47. Rc7 Re2 48. Rh7 Re4 49. Rc7 Kg4 50. Rc6 g5 51. Rxf6 gxf4
52. Rxf4+ Rxf4 53. gxf4 Kxf4 54. h4 Kg4 55. Kxc4 Kxh4 1/2-1/2

[Event "XIII Abierto de la Constitucion"]
[Site "San Sebastian De Los Reyes"]
[Date "2011.12.03"]
[Round "2.27"]
[White "Martin Rodriguez, Jose Luis"]
[Black "Hernandez Mateo, Borja"]
[Result "0-1"]
[WhiteElo "1483"]
[BlackElo "1713"]
[PlyCount "70"]
[EventDate "2011.12.02"]

1. e4 c5 2. Nf3 a6 3. d4 cxd4 4. Nxd4 e5 5. Nf3 Nf6 6. Bd3 Nc6 7. O-O Bc5 8. h3
h6 9. Re1 O-O 10. Be3 Bxe3 11. Rxe3 d6 12. Bc4 b5 13. Bb3 Bb7 14. Nc3 Ne7 15.
Nd5 Nfxd5 16. Bxd5 Bxd5 17. exd5 Rc8 18. Rc3 Rxc3 19. bxc3 Qc7 20. Qd2 Rc8 21.
Rd1 Qxc3 22. Qxc3 Rxc3 23. Rd2 Ra3 24. Nxe5 dxe5 25. d6 Nc6 26. d7 Nd8 27. Rd5
f6 28. Rc5 Kf7 29. Rd5 Rxa2 30. Rd2 b4 31. Rd6 Rxc2 32. Rxa6 b3 33. Rb6 b2 34.
Kh2 Rxf2 35. Kg3 Rd2 0-1

[Event "XIII Abierto de la Constitucion"]
[Site "San Sebastian De Los Reyes"]
[Date "2011.12.03"]
[Round "2.28"]
[White "Ojosnegros Martin, Angel"]
[Black "Plazuelo Pascual, Juan"]
[Result "1-0"]
[WhiteElo "1475"]
[BlackElo "1678"]
[PlyCount "57"]
[EventDate "2011.12.02"]

1. e4 c5 2. Nf3 d6 3. d4 cxd4 4. Nxd4 Nf6 5. Nc3 a6 6. Be3 e5 7. Nf3 Nc6 8. Be2
Be7 9. O-O O-O 10. Qd2 b5 11. a3 Bb7 12. Rad1 Qc7 13. Qc1 Rac8 14. Bg5 Rfd8 15.
Bxf6 Bxf6 16. Nd5 Nd4 17. Nxf6+ gxf6 18. Nxd4 exd4 19. Bd3 Qc5 20. Qh6 Qg5 21.
Qh3 Kh8 22. f4 Qg7 23. Rf3 Rg8 24. Rg3 Qf8 25. e5 h6 26. Rxg8+ Kxg8 27. exf6
Kh8 28. Re1 Rc7 29. Re8 1-0

[Event "XIII Abierto de la Constitucion"]
[Site "San Sebastian De Los Reyes"]
[Date "2011.12.03"]
[Round "2.29"]
[White "Cerrato Torrijos, Javier"]
[Black "Anton Quevedo, Andrea"]
[Result "1-0"]
[WhiteElo "1675"]
[BlackElo "1445"]
[PlyCount "51"]
[EventDate "2011.12.02"]

1. e4 e5 2. f4 exf4 3. Nf3 Nc6 4. Bc4 Bc5 5. c3 Nf6 6. d4 Be7 7. e5 Ne4 8. O-O
d5 9. Bd3 Bf5 10. Bxf4 O-O 11. Qc2 h6 12. Nbd2 Nxd2 13. Qxd2 Bxd3 14. Qxd3 f6
15. Rae1 Qe8 16. exf6 Rxf6 17. Bxc7 Qf7 18. Be5 Re6 19. b4 a6 20. a4 Rc8 21. b5
Na5 22. Ng5 Qg6 23. Qxg6 Rxg6 24. Nh3 Rxc3 25. Nf4 Rb6 26. Nxd5 1-0

[Event "XIII Abierto de la Constitucion"]
[Site "San Sebastian De Los Reyes"]
[Date "2011.12.03"]
[Round "2.30"]
[White "Hernandez Ramos, Alberto"]
[Black "Perez-Nuñez Castillo, Jose Antonio"]
[Result "1/2-1/2"]
[WhiteElo "1430"]
[BlackElo "1665"]
[PlyCount "68"]
[EventDate "2011.12.02"]

1. e4 c6 2. Nc3 d5 3. exd5 cxd5 4. d4 Bf5 5. Nf3 h6 6. Bf4 e6 7. Bb5+ Nd7 8.
O-O Ngf6 9. a3 a6 10. Bd3 Bxd3 11. Qxd3 Be7 12. Ne2 b5 13. a4 b4 14. Ne5 Qb6
15. a5 Qb7 16. c3 O-O 17. c4 dxc4 18. Qxc4 Nd5 19. Nc6 Rac8 20. Nxe7+ Nxe7 21.
Qb3 Rc6 22. Rfc1 Rfc8 23. Nc3 Rc4 24. Na2 Rxd4 25. Rxc8+ Qxc8 26. Be3 Qc4 27.
Qa4 Rd5 28. Nxb4 Rb5 29. Nxa6 Qxa4 30. Rxa4 Rxb2 31. g3 Nd5 32. Bc5 Rb5 33. Bd4
e5 34. Be3 f5 1/2-1/2

[Event "XIII Abierto de la Constitucion"]
[Site "San Sebastian De Los Reyes"]
[Date "2011.12.04"]
[Round "3.1"]
[White "Esquivias Gomez, Fco. Javier"]
[Black "Almagro Llamas, Pablo"]
[Result "0-1"]
[WhiteElo "2034"]
[BlackElo "2461"]
[PlyCount "54"]
[EventDate "2011.12.02"]

1. e4 c6 2. d4 d5 3. exd5 cxd5 4. Bd3 Nf6 5. c3 Bg4 6. Qa4+ Nc6 7. Bf4 a6 8.
Qc2 Rc8 9. Ne2 e6 10. a3 Bh5 11. O-O Bd6 12. Bxd6 Qxd6 13. f3 O-O 14. Qd2 e5
15. dxe5 Nxe5 16. Nf4 Bg6 17. Nxg6 hxg6 18. a4 d4 19. f4 Neg4 20. Rf3 Rfe8 21.
c4 Re3 22. Qd1 Rce8 23. Na3 Rxf3 24. Qxf3 Re3 25. Qf1 Nh5 26. Nc2 Nxf4 27. Nxe3
Nh3+ 0-1

[Event "XIII Abierto de la Constitucion"]
[Site "San Sebastian De Los Reyes"]
[Date "2011.12.04"]
[Round "3.2"]
[White "Roa Alonso, Santiago"]
[Black "Cavalle Pulla, Daniel"]
[Result "1-0"]
[WhiteElo "2418"]
[BlackElo "1997"]
[PlyCount "75"]
[EventDate "2011.12.02"]

1. d4 Nf6 2. c4 c5 3. d5 b5 4. cxb5 a6 5. b6 d6 6. Nc3 Bb7 7. e4 Nbd7 8. Nf3
Qxb6 9. Be2 g6 10. O-O Bg7 11. Nd2 O-O 12. Nc4 Qc7 13. Bd2 Rfd8 14. Qa4 Ra7 15.
a3 Nb6 16. Qa5 Nfd7 17. Na4 Na8 18. Rac1 Ne5 19. Qxc7 Nxc7 20. Nxe5 Bxe5 21.
Ba5 Bc8 22. b4 Bd7 23. Bd1 Bxa4 24. Bxa4 Bb2 25. bxc5 Bxc1 26. Rxc1 dxc5 27.
Rxc5 Rb8 28. f4 Nb5 29. e5 Nxa3 30. Bc6 Nb5 31. Rc4 Kf8 32. Kf2 Na3 33. Rc3 Nb5
34. Rb3 Rc8 35. Bb6 e6 36. Bxb5 Rc2+ 37. Kf3 Rb7 38. Bc6 1-0

[Event "XIII Abierto de la Constitucion"]
[Site "San Sebastian De Los Reyes"]
[Date "2011.12.04"]
[Round "3.3"]
[White "Hernando Pertierra, Jose Carlos"]
[Black "Cano Cabanillas, Javier"]
[Result "1-0"]
[WhiteElo "2373"]
[BlackElo "1954"]
[PlyCount "107"]
[EventDate "2011.12.02"]

1. Nf3 Nf6 2. c4 g6 3. b3 Bg7 4. Bb2 O-O 5. g3 b6 6. d3 c5 7. e4 d6 8. Bg2 Bb7
9. O-O e5 10. Nc3 Nc6 11. Ne1 a6 12. Nc2 Ne8 13. Nd5 Ne7 14. b4 Bxd5 15. cxd5
Nc7 16. f4 f6 17. bxc5 bxc5 18. Ne3 Rb8 19. Nc4 Na8 20. Bc3 Qd7 21. Rb1 Nc7 22.
a4 Rxb1 23. Qxb1 Ne8 24. Qb3 Kh8 25. f5 gxf5 26. Bh3 Qa7 27. Rb1 fxe4 28. dxe4
f5 29. Qb7 Qxb7 30. Rxb7 Bf6 31. Nb6 Bg5 32. Nd7 Rg8 33. Nxe5 dxe5 34. Bxe5+
Bf6 35. Rxe7 Bxe5 36. Rxe5 fxe4 37. Be6 Rf8 38. Rxe4 Nd6 39. Re2 Rb8 40. Rc2 c4
41. Kf2 Rb4 42. Ke3 Rxa4 43. Kd4 Nb5+ 44. Ke5 Ra1 45. Rxc4 a5 46. Kf6 Rf1+ 47.
Ke7 Rd1 48. h4 Kg7 49. g4 Nd4 50. d6 Nxe6 51. Kxe6 Re1+ 52. Kd7 Rd1 53. Kc7 Kf7
54. d7 1-0

[Event "XIII Abierto de la Constitucion"]
[Site "San Sebastian De Los Reyes"]
[Date "2011.12.04"]
[Round "3.4"]
[White "Montiel Miguelez, Manuel"]
[Black "Adan Bermudez, Sergio"]
[Result "0-1"]
[WhiteElo "1934"]
[BlackElo "2292"]
[PlyCount "72"]
[EventDate "2011.12.02"]

1. e4 d6 2. d4 Nf6 3. Nc3 e5 4. Nf3 Nbd7 5. Be2 Be7 6. Be3 c6 7. O-O O-O 8. Nd2
b5 9. f4 b4 10. fxe5 dxe5 11. Na4 exd4 12. Bxd4 Nb6 13. c3 Nxa4 14. Qxa4 c5 15.
Be3 Ng4 16. Nc4 Nxe3 17. Nxe3 Qd2 18. Nd5 Bg5 19. Bf3 Be6 20. cxb4 cxb4 21.
Qxb4 Qxb4 22. Nxb4 Rab8 23. Nc6 Rxb2 24. Rfe1 Bd2 25. Red1 Bxa2 26. Kh1 a5 27.
e5 g6 28. h4 Kg7 29. Nd4 Re8 30. Nc6 a4 31. Bg4 a3 32. Bd7 Ra8 33. Rf1 Ra4 34.
g3 Bd5+ 35. Kh2 Be3+ 36. Kh3 Bg2+ 0-1